Guía práctica para elaborar las citas del texto y trabajos citados en Artes y Letras: adaptado del estilo MLA (Registro nro. 3265)
[ vista simple ]
| 000 -Cabecera | |
|---|---|
| Campo de control de longitud fija | 00791aam a2200277 4500 |
| 005 - Fecha y hora de la última transacción | |
| Campo de control | 20260310164713.0 |
| 008 - Elementos de longitud fija--Información general | |
| Campo de control de longitud fija | 150319b2013 xxu||||| |||| 00| 0 spa d |
| 041 ## - Idioma | |
| Código de idioma | Español |
| 082 ## - Clasificación Decimal Dewey | |
| Número de clasificación | 001.42 G643ga |
| 100 ## - Entrada principal--Autor personal | |
| Nombre personal | González Arrieta, Ruth |
| 245 ## - Título propiamente dicho | |
| Título | Guía práctica para elaborar las citas del texto y trabajos citados en Artes y Letras: adaptado del estilo MLA |
| 260 ## - Pie de imprenta | |
| Lugar de publicación, distribución, etc. | Costa Rica |
| 260 ## - Pie de imprenta | |
| Nombre del editor, distribuidor, etc. | EUCR |
| 260 ## - Pie de imprenta | |
| Fecha de publicación, distribución, etc. | 2013 |
| 300 ## - Descripción física | |
| Extensión | 102 páginas |
| Otras características físicas | Fotografías a blanco y negro |
| 490 ## - Serie | |
| Título de la Serie | Temática General |
| 650 ## - Materia general | |
| Temática (materia general) | MÉTODOS DE INVESTIGACIÓN |
| 650 ## - Materia general | |
| Temática (materia general) | ARTES Y LETRAS |
| 650 ## - Materia general | |
| Temática (materia general) | CITAS BIBLIOGRÁFICAS |
| 650 ## - Materia general | |
| Temática (materia general) | NORMAS TÉCNICAS |
| 650 ## - Materia general | |
| Temática (materia general) | GUÍAS |
| 650 ## - Materia general | |
| Temática (materia general) | BIBLIOGRAFÍAS |
| 650 ## - Materia general | |
| Temática (materia general) | MANUALES |
| 650 ## - Materia general | |
| Temática (materia general) | ESTILO MLA |
| 942 ## - Punto de acceso adicional KOHA | |
| Tipo de ítem KOHA | Libro |
| Fuente del sistema de clasificación o colocación | Dewey Decimal Classification |
| Signatura completa | Código de barras | Programa Académico | Tipo de ítem |
|---|---|---|---|
| 001.42 G643ga | 18174 | Temática General | Libro |
| 001.42 G643ga | 18173 | Temática General | Libro |